Performance Management/ (Record no. 192544)

MARC details
000 -LEADER
fixed length control field 00594nam a22001937a 4500
005 - DATE AND TIME OF LATEST TRANSACTION
control field 20220926164036.0
010 ## - LCCN (DPL NO)
LC control number B-745696
020 ## - INTERNATIONAL STANDARD BOOK NUMBER
International Standard Book Number 9788131725641
Terms of availability 100.00
037 ## - SOURCE OF ACQUISITION
Source of stock number/acquisition Pearson
082 ## - DEWEY DECIMAL CLASSIFICATION NUMBER
Classification number 658.3125
100 ## - MAIN ENTRY--PERSONAL NAME
Personal name Aguinis, Herman
245 ## - TITLE STATEMENT
Title Performance Management/
Statement of responsibility, etc Herman Aguinis
250 ## - EDITION STATEMENT
Edition statement 2nd
260 ## - PUBLICATION, DISTRIBUTION, ETC. (IMPRINT)
Place of publication, distribution, etc New Delhi
Name of publisher, distributor, etc Pearson
Date of publication, distribution, etc 2012
270 ## - ADDRESS
Address 11 Community Center Panchsheel Park,
City New Delhi
Postal code 110017
300 ## - PHYSICAL DESCRIPTION
Extent xvi, 296p.
Other physical details ill.
Dimensions 24cm.(Pb)
942 ## - ADDED ENTRY ELEMENTS (KOHA)
Source of classification or shelving scheme Dewey Decimal Classification
Item type English Books
Classification part 658.3125
Call number suffix AGU
Holdings
Withdrawn status Lost status Not for loan Collection code Home library Current library Date acquired Source of acquisition Cost, normal purchase price Full call number Barcode Copy number Cost, replacement price Koha item type Public note
      Non-fiction Kadipur Kadipur 26/09/2022 22.9.22/Gift 100.00 658.3125 AGU B-745696 1 100.00 English Books Gift

© Delhi Public Library
Hit Counter
free hit counter